| 000 | 01115nam a22003257a 4500 | ||
|---|---|---|---|
| 003 | CHAP | ||
| 005 | 20220329140858.0 | ||
| 008 | 971013s1961 r 10010 d | ||
| 010 | _a59169 | ||
| 011 | _a60141 | ||
| 035 | _a64301 | ||
| 040 | _cCHAP | ||
| 082 |
_a633.15 _bP76 1961 |
||
| 111 | 0 | 0 |
_aPrograma Cooperativo Centroamericano para el Mejoramiento del Maíz ( _n7 _d: 1961 _c: Tegucigalpa) _992271 |
| 245 | _aMejoramiento del maíz | ||
| 260 |
_aTegucigalpa : _bEl Programa, _c1961 |
||
| 300 |
_a107 p. _b: ilus. ; gráfs. |
||
| 590 |
_aBATCH-UPD _b10 _c20130110 _lUCH01 _h0300 |
||
| 590 |
_aBATCH-UPD _b10 _c20130110 _lUCH01 _h1211 |
||
| 590 |
_aBATCH-UPD _b10 _c20130409 _lUCH01 _h2331 |
||
| 590 |
_aBATCH-UPD _b10 _c20130410 _lUCH01 _h1404 |
||
| 590 |
_aBATCH-UPD _b10 _c20130914 _lUCH01 _h1405 |
||
| 590 |
_aCONVERSION _b10 _c20130109 _lUCH01 _h1332 |
||
| 650 | 1 | 4 |
_aFertilizantes para maíz. _940625 |
| 650 | 1 | 4 |
_aMaíz _xEnfermedades. _970939 |
| 650 | 1 | 4 |
_aMaíz _xMejoramiento. _971006 |
| 901 | _aBK | ||
| 942 | _cLIBRO | ||
| 949 |
_a633.15 P76 1961 _bBC _cLIBRO _d33724000207619 _eLIBRO _h38806 _i64301 _mD Hdz.X. _si |
||
| 999 |
_c59169 _d59169 |
||